[Event "World Junior U20 Open 2018"]
[Site "Gebze"]
[Date "2018.09.06"]
[Round "2.44"]
[White "Ongut, Tamas Gunes"]
[Black "Mohammad Nubairshah Shaikh"]
[Result "0-1"]
[WhiteElo "2121"]
[BlackElo "2443"]
[Annotator "TA"]
[PlyCount "96"]
[EventDate "2018.09.05"]
[EventType "swiss"]
[EventCountry "TUR"]
[SourceTitle "playchess.com"]
[Source "ChessBase"]
[SourceQuality "1"]

{[%evp 14,96,83,20,52,37,44,12,12,0,60,27,56,-14,-16,-19,-14,-123,-47,-43,-48,-74,-26,-36,-25,-33,-34,-21,-36,-77,-80,-77,-65,-90,-28,-38,-26,-27,-25,-24,-24,-24,-24,-24,-24,-24,-24,-24,-24,-56,0,0,0,-24,-24,-25,-25,-25,-25,-25,-25,-147,-112,-325,-315,-1164,-1002,-754,-1037,-1114,-1048,-960,-902,-1295,-1187,-12850,-12835,-12831,-6432,-29974,-5069,-29982,-29983,-29987,-29988]} 1. e4 g6 2. d4 Bg7 3. Nc3 c6 4. f4 d5 5. e5 Nh6 6. Nf3 f6 7. Be3 {B15: Caro-Kann: 3 Nc3: 3...g6 and 3...dxe4 4 Nxe4 Nf6 5 Nxf6+ exf6} Bg4 (7... O-O 8. h3 Qb6 9. Qd2 Qxb2 10. Rb1 Qa3 11. g4 Nf7 12. Bd3 fxe5 13. dxe5 Na6 14. Rb3 Qa5 {1-0 (31) Robson,R (2668)-Shabalov,A (2556) Saint Louis 2017 CBM 178 [Yermolinsky,A]}) 8. Bd3 {LiveBook: 11 Games} (8. h3 $16 Bxf3 9. Qxf3) 8... Nf5 $146 ({Predecessor:} 8... O-O 9. Qd2 Bxf3 10. gxf3 e6 11. Ne2 c5 12. dxc5 Nc6 13. exf6 Qxf6 14. c3 Nf5 15. Bxf5 Qxf5 16. O-O-O Qh3 {½-½ (16) Milenkovic,M (2393)-Grigorov,G (2513) Plovdiv 2013}) 9. Bf2 {White is slightly better.} O-O 10. Ne2 Bh6 11. c3 Na6 ({Black should play} 11... Nd7 $11) 12. Qc2 Nc7 13. Ng3 ({Better is} 13. Nfg1 $1 $14) 13... e6 $11 14. Nxf5 exf5 15. Ng1 (15. Nh4 $11) 15... fxe5 (15... Bxf4 $17 16. h3 Bh5) 16. fxe5 $15 {Hoping for h3.} Qg5 17. h4 Qe7 (17... Qh5 {seems wilder.} 18. Be2 Ne6 19. Nf3 Nf4 20. Kf1 Nxe2 21. Qxe2 f4) 18. Nf3 Ne6 19. O-O c5 20. dxc5 Nxc5 21. Bxc5 Qxc5+ 22. Kh1 Bf4 23. Nh2 Bxh2 (23... Qe3 $1 $17 {[%cal Re3g3] White must now prevent ...Qg3.} 24. Qf2 Qxf2 25. Rxf2 Bxe5) 24. Kxh2 $11 Qe7 25. g3 Qxe5 26. Rae1 Qd6 27. Qd2 Rad8 28. Rf4 Rfe8 29. Rxe8+ Rxe8 30. Bf1 Re4 31. Bc4 Kg7 ({Don't go for} 31... Rxc4 $2 32. Rxc4 Kf7 33. Qd4 $18) (31... Re5 $15) 32. Rxe4 fxe4 33. Qxd5 (33. Bxd5 {is interesting.} Qe5 34. Qg5 Qxg5 35. hxg5 e3 36. Kg2) 33... Qxd5 34. Bxd5 {[%mdl 4096] Endgame KB-KB} e3 35. Kg2 b6 $1 36. b4 Kf6 37. Bb3 (37. Bc4 $11 {keeps the balance.}) 37... Ke5 38. Bc2 $2 {[#]} (38. Bc4 $17) 38... Be2 $1 $19 39. a3 $2 {[#]} (39. a4) 39... Kd5 $1 {[%cal Rd5c4]} 40. Bb3+ Ke4 41. Bc2+ Bd3 42. Bb3 b5 43. a4 Bb1 44. Kf1 Kd3 45. Ke1 Kxc3 46. Bd1 Bc2 47. Bxc2 Kxc2 48. axb5 Kd3 {Precision: White = 35%, Black = 70%.} 0-1

[Event "World Junior U20 Open 2018"]
[Site "Gebze"]
[Date "2018.09.06"]
[Round "2.45"]
[White "Haria, Ravi"]
[Black "Can, Melih Kaan"]
[Result "1/2-1/2"]
[WhiteElo "2442"]
[BlackElo "2195"]
[Annotator "RC"]
[PlyCount "64"]
[EventDate "2018.09.05"]
[EventType "swiss"]
[EventCountry "TUR"]
[SourceTitle "playchess.com"]
[Source "ChessBase"]
[SourceQuality "1"]
[TimeControl "40/5400+30:1800+30"]

1. e4 {[%emt 0:00:30]} e5 {[%emt 0:01:30]} 2. Nf3 {[%emt 0:00:30]} Nf6 {[%emt 0:00:30]} 3. Nxe5 {[%emt 0:00:30]} d6 {[%emt 0:00:30]} 4. Nc4 {[%emt 0:00:30]} Nxe4 {[%emt 0:00:00]} 5. Nc3 {[%emt 0:00:30]} Nxc3 {[%emt 0:12:00]} 6. bxc3 {[%emt 0:00:30]} d5 {[%emt 0:01:30]} 7. Ne3 {[%emt 0:00:30]} c6 {[%emt 0:00:30]} 8. d4 {[%emt 0:03:30]} Bd6 {[%emt 0:02:30]} 9. Bd3 {[%emt 0:01:30]} Qh4 {[%emt 0:09:30]} 10. g3 {[%emt 0:18:30]} Qf6 {[%emt 0:00:30]} 11. O-O {[%emt 0:02:30]} O-O {[%emt 0:15:30]} 12. Re1 {[%emt 0:02:30]} Na6 {[%emt 0:07:30]} 13. Ng4 {[%emt 0:01:30]} Qd8 {[%emt 0:07:30]} 14. Ne5 {[%emt 0:03:30]} Nc7 {[%emt 0:13:30]} 15. Qh5 {[%emt 0:09:30]} g6 {[%emt 0:00:30]} 16. Qf3 {[%emt 0:03:30]} f6 {[%emt 0:04:46]} 17. Ng4 {[%emt 0:01:30]} Bxg4 {[%emt 0:00:30]} 18. Qxg4 {[%emt 0:00:30]} f5 {[%emt 0:00:14]} 19. Qf3 {[%emt 0:05:30]} Qf6 {[%emt 0:02:02]} 20. Bf4 {[%emt 0:07:30]} Rae8 {[%emt 0:01:20]} 21. h4 {[%emt 0:04:30]} Rxe1+ {[%emt 0:06:43]} 22. Rxe1 {[%emt 0:00:00]} Re8 {[%emt 0:01:15]} 23. Rb1 {[%emt 0:10:00]} Bxf4 {[%emt 0:00:59]} 24. Qxf4 {[%emt 0:03:46]} Ne6 {[%emt 0:00:34]} 25. Qf3 {[%emt 0:05:21]} Nd8 {[%emt 0:01:10]} 26. Kg2 {[%emt 0:02:47]} Qd6 {[%emt 0:05:40]} 27. h5 {[%emt 0:00:51]} Kg7 {[%emt 0:00:29]} 28. hxg6 {[%emt 0:04:32]} hxg6 {[%emt 0:00:31]} 29. Rh1 {[%emt 0:05:54]} Nf7 {[%emt 0:02:23]} 30. Qd1 {[%emt 0:00:18]} Qf6 {[%emt 0:01:47]} 31. Qf3 {[%emt 0:00:11]} Qd6 {[%emt 0:00:12]} 32. Qd1 {[%emt 0:00:30]} Qf6 {[%emt 0:00:02]} 1/2-1/2

[Event "World Junior U20 Open 2018"]
[Site "Gebze"]
[Date "2018.09.06"]
[Round "2.46"]
[White "Ozen, Deniz"]
[Black "Kwon, Sehyun"]
[Result "1-0"]
[WhiteElo "2431"]
[BlackElo "2129"]
[Annotator "TA"]
[PlyCount "159"]
[EventDate "2018.09.05"]
[EventType "swiss"]
[EventCountry "TUR"]
[SourceTitle "playchess.com"]
[Source "ChessBase"]
[SourceQuality "1"]

{[%evp 20,159,0,0,0,-8,30,9,19,20,21,0,10,0,0,0,0,0,2,12,80,-9,149,146,154,159,301,311,313,300,281,190,197,95,97,83,77,63,58,20,24,24,20,14,43,43,43,39,43,18,41,41,41,23,27,23,38,38,60,60,60,53,53,53,60,48,49,41,41,35,35,35,41,41,41,41,41,41,41,41,41,28,29,29,41,34,34,34,29,27,34,34,34,34,34,34,67,67,68,34,34,34,34,22,22,22,29,36,42,29,29,20,30,9,30,30,54,52,60,60,60,60,64,61,85,62,429,366,1693,1629,12847,12847,12848,12848,12849,12849,12850,12850,12850,29978,12851,12851]} 1. e4 c6 2. d4 d5 3. Nc3 dxe4 4. Nxe4 Bf5 5. Ng3 Bg6 6. Nh3 e6 7. Nf4 Bd6 8. Bc4 Qc7 {B18: Classical Caro-Kann: 4...Bf5 sidelines} (8... Nf6 9. c3 Qc7 10. Qf3 Nbd7 11. h4 c5 12. dxc5 Qxc5 13. Qe2 Rc8 14. Bb3 Qc7 15. h5 Bxf4 16. Bxf4 Qxf4 17. hxg6 {½-½ (77) Harikrishna,P (2753)-Navara,D (2734) Huaian 2016}) 9. Qf3 Nf6 10. Bb3 Nbd7 11. O-O {LiveBook: 12 Games} e5 12. Re1 O-O $146 ({Predecessor:} 12... O-O-O 13. Nxg6 hxg6 14. Bxf7 exd4 15. Bxg6 Ne5 16. Bf5+ Kb8 17. Qd1 g6 {½-½ (28) Appeldorn,D-Eisengraeber Pabst,A DESC email 2001}) 13. Nxg6 hxg6 14. Qd3 Kh8 15. Ne4 {aiming for Ng5.} exd4 16. Nxf6 Nxf6 (16... gxf6 $2 17. Qh3+ Kg8 18. Qh6 $18) 17. Qxd4 Bxh2+ 18. Kh1 {Qh4+ is the strong threat.} Bd6 19. Bg5 {[%cal Bc1g5,Bg5e7,Be7c5][%mdl 32]} Nh5 (19... Nh7 $1 $11 20. Rad1 Qa5) 20. g4 (20. Rad1 $16 f6 21. Qxd6 Qxd6 22. Rxd6 fxg5 23. Rxg6) 20... Bf4 $2 (20... c5 $11 21. Qc3 Nf4) 21. Be7 $36 {[%mdl 2048] White is really pushing.} c5 22. Qxc5 (22. Bxc5 Rfd8 $15) 22... Qxc5 (22... Qd7 $16 23. Be6 (23. Bxf8 Qxg4 24. Qc3 Rc8 $15) 23... fxe6) 23. Bxc5 $18 Rfc8 {[#]} 24. Bd4 $1 ({Less strong is} 24. gxh5 Rxc5 25. hxg6 fxg6 $14) 24... Nf6 25. Kg2 Rc7 26. f3 (26. Rh1+ $18 Kg8 27. Rh3) 26... Kg8 27. c3 b6 28. Re2 Re8 29. Rae1 Rxe2+ 30. Rxe2 Kf8 31. a4 Re7 32. Rxe7 Kxe7 $14 {[%mdl 4096] Endgame KBB-KBN} 33. Bc4 Nd7 34. a5 f6 35. axb6 axb6 36. Bd3 g5 37. Bb5 {Strongly threatening Bxd7.} Bc7 38. Kf2 Nc5 39. Ke2 Ne6 40. Be3 Nf4+ 41. Kd2 Kd6 42. b4 Bd8 43. Bf1 Kc6 44. Kc2 Be7 45. Kb3 Nd5 46. Bd4 Nf4 47. Ka4 Bd6 48. Bb5+ Kc7 49. Bc4 {Hoping for Kb5.} Kc6 $1 50. Be3 Be5 51. Kb3 Bd6 52. Bd4 Kc7 53. Kc2 Ng6 54. Bd5 Nf4 55. Be4 Ne2 56. Be3 Be5 57. c4 Nd4+ 58. Kd3 Ne6 59. Bf2 Bd6 60. Kc3 Be5+ 61. Kb3 Nd4+ 62. Ka4 Kd6 63. Be1 Bf4 64. Bc3 Be3 65. Bb2 Kc7 66. Ba3 Bf2 67. c5 bxc5 68. bxc5 Ne6 69. Kb5 Nd4+ 70. Kc4 Nc6 71. Kd5 Be1 72. Ke6 Ne5 $2 {[%mdl 8192] [#]} (72... Nd8+ $14 73. Kd5 Nc6) 73. c6 $1 $18 {[%mdl 512]} Nxc6 $2 (73... Nc4) 74. Bxc6 Kxc6 {KB-KB} 75. Bf8 Bd2 76. Bxg7 Kc7 77. Bxf6 Kc6 78. Kf5 Kd7 79. Bxg5 Bc3 80. Be3 {Precision: White = 54%, Black = 51%.} 1-0

[Event "World Junior U20 Open 2018"]
[Site "Gebze"]
[Date "2018.09.06"]
[Round "2.47"]
[White "Gokerkan, Cem Kaan"]
[Black "Dionizio, Andre Filipe Nascim"]
[Result "1-0"]
[WhiteElo "2416"]
[BlackElo "2010"]
[Annotator "TA"]
[PlyCount "121"]
[EventDate "2018.09.05"]
[EventType "swiss"]
[EventCountry "TUR"]
[SourceTitle "playchess.com"]
[Source "ChessBase"]
[SourceQuality "1"]

{[%evp 10,121,70,34,44,22,23,27,88,73,92,78,110,60,114,119,118,97,66,44,50,43,44,39,66,59,66,49,23,51,43,75,92,83,72,37,69,31,33,20,71,63,133,133,131,128,130,101,122,113,114,107,120,52,44,44,45,51,77,70,70,76,62,62,91,93,147,129,870,811,850,778,829,611,806,834,847,814,844,805,799,764,752,756,660,487,591,469,435,433,426,398,244,192,377,325,313,148,6278,4134,29974,29973,29977,29979,29977,29980,29980,29981,29978,29982,29983,29983,29983,29984]} 1. e4 d6 2. d4 Nf6 3. Nc3 c6 4. Nf3 Bg4 5. h3 Bh5 6. Bg5 {LiveBook: 6 Partien} Nbd7 {B07: Pirc-Ufimzew-Verteidigung} (6... Qa5 7. Qd2 Nbd7 8. g4 Bg6 9. Bd3 e5 10. O-O-O Be7 11. Kb1 Qc7 12. h4 h5 13. Bxf6 Bxf6 14. g5 {0-1 (52) Telljohann,S (2403)-Fridman,R (2482) Germany 2011}) 7. g4 {[%cal Bg2g4,Bg4g5][%mdl 32]} Bg6 8. Qe2 $146 ({Vorgänger:} 8. e5 Ne4 9. e6 fxe6 10. Bd3 Qa5 11. Bd2 Nxd2 12. Bxg6+ hxg6 13. Qxd2 {1-0 (40) Abramov,V (2275)-Kazakevich,G (2196) St Petersburg 2003}) 8... Qa5 {[#]} (8... e6 $11 {hält das Gleichgewicht.}) 9. Bd2 $1 $16 e6 10. Nh4 Qd8 11. g5 Nh5 ({Besser ist} 11... Bh5 $14 12. Qe3 Ng8) 12. O-O-O Be7 13. Qg4 b5 14. f4 b4 $1 {[%cal Rb4c3]} 15. Nxg6 hxg6 16. Ne2 d5 17. f5 gxf5 18. exf5 exf5 19. Qxf5 g6 20. Qg4 Nf8 21. h4 Ne6 22. Bh3 $36 {[%mdl 2048] Weiss steht aktiver.} a5 23. Rhf1 O-O 24. Ng3 Nxg3 (24... Nhg7 $11 {bleibt in der Remisbreite.}) 25. Qxg3 {Droht stark Lxe6.} Ng7 (25... Nxd4 $14 26. Qd3 c5) 26. Bg4 a4 27. Bf4 b3 28. cxb3 axb3 29. Qxb3 Bd6 30. Bxd6 Qxd6 31. Rf6 (31. Kb1 $16) 31... Qh2 $14 {[#] ...Tfb8 ist eine echte Drohung.} 32. Qh3 Qxh3 33. Bxh3 {Und Kb1 würde nun gewinnen.} Rxa2 34. Rxc6 Rb8 35. Rc8+ Rxc8+ 36. Bxc8 $16 {[%mdl 4096] Endspiel KTL-KTS} Ra4 {Und weiter mit ...Tc4+ wäre nett.} 37. b3 Ra1+ (37... Ra8 $142 38. Bg4 Kf8) 38. Kc2 Rxd1 $4 {[%mdl 8192]} (38... Ra8 $16 39. Bb7 Rb8) 39. Kxd1 {KL-KS} Ne8 40. Kd2 Kf8 41. Ke3 Ke7 42. Kf4 Kd6 43. Ba6 Nc7 44. Bd3 Ne6+ 45. Ke3 Nc7 46. Bf1 Ne6 47. Be2 Nc7 48. Bg4 Nb5 49. h5 gxh5 50. Bxh5 Ke6 51. Bg4+ Kd6 52. b4 {[%cal Bb3b4,Bb4b5][%mdl 32]} Nc7 53. Kf4 (53. Bc8 $18 {ist viel giftiger.}) 53... Na6 $2 {[%mdl 8192]} (53... Nb5 $16) 54. b5 $18 Nc7 55. b6 {Weiß setzt Matt.} Nb5 56. b7 Kc7 57. Ke5 Kxb7 58. Bh5 Kc7 59. Bxf7 Nd6 60. g6 Kd7 61. Be6+ {Precision: Weiß = 74%, Schwarz = 53%.} 1-0

[Event "World Junior U20 Open 2018"]
[Site "Gebze"]
[Date "2018.09.06"]
[Round "2.48"]
[White "Tarlabasi, Emirhan"]
[Black "Secheres, Adrian-Simion"]
[Result "0-1"]
[WhiteElo "2193"]
[BlackElo "2408"]
[Annotator "TA"]
[PlyCount "92"]
[EventDate "2018.09.05"]
[EventType "swiss"]
[EventCountry "TUR"]
[SourceTitle "playchess.com"]
[Source "ChessBase"]
[SourceQuality "1"]

{[%evp 19,92,24,45,27,18,0,9,0,18,30,26,0,0,0,40,35,46,11,63,56,83,83,92,104,122,138,167,143,175,153,181,196,196,168,174,167,178,149,184,91,93,108,287,284,411,404,503,517,542,549,649,631,1033,1023,1010,985,1284,1269,1145,464,456,-1225,-1181,-29954,-29955,-6532,-6528,-5293,-5169,-29978,-10174,-29974,-6183,-29994,-29995]} 1. Nf3 Nf6 2. g3 g6 3. b3 Bg7 4. Bb2 O-O 5. Bg2 d6 6. d4 e5 7. dxe5 Nfd7 8. O-O Nc6 9. c4 dxe5 {A49: 1 d4 Nf6 2 Nf3 g6 3 g3: Anti-King's Indian systems} 10. Qd2 (10. Ne1 Nc5 11. Nc2 Nd4 12. Nc3 Bf5 13. Ne3 c6 14. b4 Nd7 15. Nxf5 Nxf5 16. e3 a5 17. b5 {0-1 (51) Bachmann,A (2646)-Sosa,T (2459) Buenos Aires 2017}) 10... Re8 {LiveBook: 4 Games} 11. Rd1 e4 {White has an edge.} 12. Nd4 e3 $146 ({Predecessor:} 12... Nce5 13. Nc3 f5 14. f3 e3 15. Qc2 {1-0 (36) Galliamova,A (2450)-Makarenko,A (2243) Sochi 2016}) 13. fxe3 Nce5 $1 {[%cal Re5g4]} 14. Nf3 Qe7 15. Nc3 c6 $1 16. Nxe5 Nxe5 17. Ne4 Bg4 18. Nd6 Rad8 (18... Red8 $11) 19. c5 $36 {[%mdl 2048] Black is under pressure.} Qg5 20. Bd4 Re7 21. Rf1 Qh5 22. Rf4 $1 g5 {[#]} 23. Rf2 $1 b6 24. b4 {[%cal Bb3b4,Bb4c5][%mdl 32]} bxc5 25. bxc5 Be6 26. Bf3 Qh6 27. Raf1 Bh3 28. Rd1 Qe6 29. Qc2 (29. Be4 $18) 29... Nxf3+ $16 30. Rxf3 g4 $2 (30... Rb8 $16 {might work better.}) 31. Rf2 $18 {Strongly threatening Bxg7.} Bxd4 (31... Be5 $142 32. Bxe5 Qxe5) 32. exd4 ({Weaker is} 32. Rxd4 Rf8 $18) 32... Rb8 {[%cal Bd8b8,Bb8b2,Bb2g2][%mdl 32]} 33. e4 a5 34. Rf5 Qh6 35. Qf2 Qg6 36. Qf4 h6 37. Nxf7 Rb2 38. Ne5 Qg7 39. Nxc6 (39. Rf6 $142) 39... Reb7 {And now ...Rg2+ would win.} 40. Qe3 $4 {[%mdl 8192] [#]} (40. Re5 $18 Qf7 41. Qxf7+ (41. Nxa5 Rg2+ 42. Kh1 Qxf4 $19) 41... Rxf7 42. Ne7+ Kh7 43. Nf5) 40... Rg2+ $1 $19 41. Kh1 Rbb2 42. Qb3+ Rxb3 43. axb3 Re2 44. b4 Bg2+ 45. Kg1 Bxe4 46. Re5 Rg2+ {Precision: White = 48%, Black = 48%.} 0-1

[Event "World Junior U20 Open 2018"]
[Site "Gebze"]
[Date "2018.09.06"]
[Round "2.49"]
[White "Zrikem, Nassim"]
[Black "Huber, Martin Christian"]
[Result "1-0"]
[WhiteElo "2066"]
[BlackElo "2390"]
[Annotator "NA"]
[PlyCount "73"]
[EventDate "2018.09.05"]
[EventType "swiss"]
[EventCountry "TUR"]
[SourceTitle "playchess.com"]
[Source "ChessBase"]
[SourceQuality "1"]
[TimeControl "40/5400+30:1800+30"]

1. d4 {[%emt 0:00:30]} Nf6 {[%emt 0:01:30]} 2. Nf3 {[%emt 0:00:30]} e6 {[%emt 0:01:30]} 3. e3 {[%emt 0:00:30]} c5 {[%emt 0:02:30]} 4. c3 {[%emt 0:00:30]} d5 {[%emt 0:07:30]} 5. Bd3 {[%emt 0:00:30]} Nc6 {[%emt 0:00:30]} 6. Nbd2 {[%emt 0:00:30]} Be7 {[%emt 0:03:30]} 7. O-O {[%emt 0:00:30]} O-O {[%emt 0:00:30]} 8. dxc5 {[%emt 0:01:30]} Bxc5 {[%emt 0:00:30]} 9. e4 {[%emt 0:00:30]} Qc7 {[%emt 0:05:30]} 10. Qe2 {[%emt 0:02:30]} h6 {[%emt 0:03:30]} 11. h3 {[%emt 0:07:30]} Nh5 {[%emt 0:04:30]} 12. Nb3 {[%emt 0:09:30]} Bb6 {[%emt 0:02:30]} 13. Be3 {[%emt 0:04:30]} Nf4 $14 {[%emt 0:04:30]} 14. Qd2 {[%emt 0:02:30]} Bxe3 {[%emt 0:04:30]} 15. Qxe3 {[%emt 0:00:30]} Nxd3 {[%emt 0:00:00]} 16. Qxd3 {[%emt 0:00:00]} dxe4 {[%emt 0:01:00]} 17. Qxe4 {[%emt 0:00:00]} e5 {[%emt 0:00:00]} 18. Rfe1 {[%emt 0:01:30]} Re8 {[%emt 0:03:00]} 19. Nbd4 {[%emt 0:06:30]} Bd7 {[%emt 0:04:30]} 20. Nf5 {[%emt 0:02:30]} Ne7 {[%emt 0:03:30]} 21. N3h4 {[%emt 0:10:30]} Nxf5 {[%emt 0:12:30]} 22. Nxf5 {[%emt 0:00:00]} g6 {[%emt 0:00:30]} 23. Ne3 {[%emt 0:06:00]} Kg7 {[%emt 0:06:30]} 24. Rad1 {[%emt 0:12:30]} Bc6 {[%emt 0:00:30]} 25. Qh4 {[%emt 0:00:30]} f5 {[%emt 0:02:30]} 26. Nc4 {[%emt 0:06:30]} e4 {[%emt 0:09:49]} 27. Rd6 {[%emt 0:02:30]} Qf7 {[%emt 0:00:18]} 28. Red1 {[%emt 0:03:06]} Re7 {[%emt 0:01:55]} 29. Ne3 {[%emt 0:06:24]} Rae8 {[%emt 0:01:31]} 30. g4 {[%emt 0:03:42]} fxg4 {[%emt 0:04:13]} 31. Nxg4 {[%emt 0:00:48]} Qf4 {[%emt 0:00:46]} 32. Rf6 {[%emt 0:01:07]} Qg5 {[%emt 0:00:10]} 33. Qxg5 {[%emt 0:00:39]} hxg5 {[%emt 0:00:30]} 34. Rdd6 {[%emt 0:00:30]} Rf7 {[%emt 0:00:30]} 35. Rxg6+ {[%emt 0:00:30]} Kf8 {[%emt 0:00:30]} 36. Rxg5 {[%emt 0:00:30]} Rf3 {[%emt 0:02:26]} 37. Rh6 {[%emt 0:03:29]} 1-0

[Event "World Junior U20 Open 2018"]
[Site "Gebze"]
[Date "2018.09.06"]
[Round "2.50"]
[White "Maltezeanu, Stefan"]
[Black "Gorshtein, Ido"]
[Result "0-1"]
[WhiteElo "2089"]
[BlackElo "2383"]
[Annotator "ChessBase"]
[PlyCount "92"]
[EventDate "2018.09.05"]
[EventType "swiss"]
[EventCountry "TUR"]
[SourceTitle "playchess.com"]
[Source "ChessBase"]
[SourceQuality "1"]
[TimeControl "40/5400+30:1800+30"]

1. e4 {[%emt 0:00:30]} c6 {[%emt 0:00:30]} 2. d4 {[%emt 0:00:00]} d5 {[%emt 0:00:30]} 3. Nc3 {[%emt 0:00:00]} dxe4 {[%emt 0:00:00]} 4. Nxe4 {[%emt 0:00:00]} Nd7 {[%emt 0:00:00]} 5. Ng5 {[%emt 0:00:00]} Ngf6 {[%emt 0:00:00]} 6. Bd3 {[%emt 0:00:30]} e5 {[%emt 0:00:00]} 7. Qe2 {[%emt 0:02:30]} Qe7 {[%emt 0:01:30]} 8. N1f3 {[%emt 0:01:30]} exd4 {[%emt 0:02:30]} 9. Nxd4 {[%emt 0:02:30]} Qxe2+ {[%emt 0:04:30]} 10. Bxe2 {[%emt 0:00:30]} Bc5 {[%emt 0:02:30]} 11. Nb3 {[%emt 0:01:30]} Bb6 {[%emt 0:01:30]} 12. O-O {[%emt 0:01:30]} O-O {[%emt 0:00:30]} 13. Bf4 {[%emt 0:05:30]} h6 {[%emt 0:00:30]} 14. Nf3 {[%emt 0:00:30]} Re8 {[%emt 0:01:30]} 15. Bd3 {[%emt 0:02:30]} Nd5 {[%emt 0:03:30]} 16. Bd2 {[%emt 0:03:30]} Nf8 {[%emt 0:09:30]} 17. c4 {[%emt 0:04:30]} Nf6 {[%emt 0:00:30]} 18. Rfe1 {[%emt 0:03:30]} Rd8 {[%emt 0:04:30]} 19. Bc2 {[%emt 0:00:30]} Be6 {[%emt 0:00:30]} 20. c5 {[%emt 0:00:30]} Bxb3 {[%emt 0:03:30]} 21. Bxb3 {[%emt 0:01:30]} Bxc5 {[%emt 0:00:00]} 22. Be3 {[%emt 0:04:30]} Bxe3 {[%emt 0:02:00]} 23. Rxe3 {[%emt 0:00:00]} Ng6 {[%emt 0:00:00]} 24. h4 {[%emt 0:04:00]} Re8 {[%emt 0:03:00]} 25. Rae1 {[%emt 0:00:30]} Rxe3 {[%emt 0:00:30]} 26. Rxe3 {[%emt 0:00:00]} Re8 {[%emt 0:01:30]} 27. Rxe8+ {[%emt 0:01:00]} Nxe8 {[%emt 0:00:00]} 28. h5 {[%emt 0:01:30]} Nf4 {[%emt 0:00:00]} 29. Ne5 {[%emt 0:00:30]} Nd6 {[%emt 0:00:30]} 30. g4 {[%emt 0:00:30]} Kf8 {[%emt 0:00:30]} 31. Nc4 {[%emt 0:07:30]} Nxc4 {[%emt 0:00:30]} 32. Bxc4 {[%emt 0:00:00]} b5 {[%emt 0:00:00]} 33. Bf1 {[%emt 0:00:00]} Ke7 {[%emt 0:00:00]} 34. f3 {[%emt 0:02:30]} Ke6 {[%emt 0:00:30]} 35. Kf2 {[%emt 0:00:30]} Ke5 {[%emt 0:00:30]} 36. Ke3 {[%emt 0:00:30]} a6 {[%emt 0:00:00]} 37. Kd2 {[%emt 0:04:30]} Kd4 {[%emt 0:00:00]} 38. a4 {[%emt 0:01:30]} g6 {[%emt 0:00:30]} 39. axb5 {[%emt 0:00:30]} axb5 {[%emt 0:00:00]} 40. Be2 {[%emt 0:00:00]} gxh5 {[%emt 0:00:00]} 41. Ke1 {[%emt 0:04:00]} Ke3 {[%emt 0:00:00]} 42. Bd1 {[%emt 0:01:30]} c5 {[%emt 0:00:00]} 43. Kf1 {[%emt 0:00:30]} Kd2 {[%emt 0:00:00]} 44. b4 {[%emt 0:00:30]} Kxd1 {[%emt 0:00:00]} 45. bxc5 {[%emt 0:00:30]} b4 {[%emt 0:00:30]} 46. c6 {[%emt 0:00:30]} Nd5 {[%emt 0:00:00]} 0-1

[Event "World Junior U20 Open 2018"]
[Site "Gebze"]
[Date "2018.09.06"]
[Round "2.51"]
[White "Baenziger, Fabian"]
[Black "Petkov, Momchil"]
[Result "1-0"]
[WhiteElo "2360"]
[BlackElo "2163"]
[Annotator "NA"]
[PlyCount "97"]
[EventDate "2018.09.05"]
[EventType "swiss"]
[EventCountry "TUR"]
[SourceTitle "playchess.com"]
[Source "ChessBase"]
[SourceQuality "1"]
[TimeControl "40/5400+30:1800+30"]

1. e4 {[%emt 0:00:30]} c5 {[%emt 0:00:30]} 2. Nf3 {[%emt 0:00:30]} Nc6 {[%emt 0:00:00]} 3. d4 {[%emt 0:00:00]} cxd4 {[%emt 0:00:00]} 4. Nxd4 {[%emt 0:00:00]} g6 {[%emt 0:00:30]} 5. c4 {[%emt 0:00:30]} Bg7 {[%emt 0:00:30]} 6. Be3 {[%emt 0:00:30]} Nf6 {[%emt 0:00:30]} 7. Nc3 {[%emt 0:00:30]} O-O {[%emt 0:00:30]} 8. Be2 {[%emt 0:00:30]} d6 {[%emt 0:00:30]} 9. O-O {[%emt 0:00:30]} Bd7 {[%emt 0:00:00]} 10. Nc2 {[%emt 0:00:00]} a5 {[%emt 0:05:00]} 11. f3 {[%emt 0:12:00]} a4 {[%emt 0:04:30]} 12. Qd2 {[%emt 0:00:30]} Qa5 {[%emt 0:01:30]} 13. Na3 {[%emt 0:05:30]} Rfc8 {[%emt 0:06:30]} 14. Rac1 {[%emt 0:20:30]} Be8 {[%emt 0:10:30]} 15. f4 $14 {[%emt 0:05:30]} Nxe4 {[%emt 0:16:30]} 16. Nxe4 {[%emt 0:00:30]} Qxd2 {[%emt 0:00:00]} 17. Nxd2 {[%emt 0:03:30]} Bxb2 {[%emt 0:00:00]} 18. Ndb1 {[%emt 0:02:30]} Bxc1 {[%emt 0:00:30]} 19. Rxc1 {[%emt 0:00:00]} f5 {[%emt 0:05:30]} 20. Nc3 {[%emt 0:04:00]} Bf7 {[%emt 0:03:30]} 21. Bf3 {[%emt 0:02:30]} e5 {[%emt 0:07:30]} 22. Bd5 {[%emt 0:01:30]} Na5 {[%emt 0:13:30]} 23. Rb1 {[%emt 0:06:30]} Ra6 {[%emt 0:09:47]} 24. h3 {[%emt 0:04:30]} Bxd5 {[%emt 0:05:55]} 25. Nxd5 {[%emt 0:00:30]} Kf7 {[%emt 0:00:53]} 26. Nb6 {[%emt 0:06:30]} Rc6 {[%emt 0:01:26]} 27. g3 {[%emt 0:00:30]} Ke6 {[%emt 0:00:45]} 28. Kf2 {[%emt 0:00:30]} h6 {[%emt 0:01:42]} 29. h4 {[%emt 0:00:30]} g5 {[%emt 0:00:30]} 30. hxg5 {[%emt 0:00:30]} hxg5 {[%emt 0:01:26]} 31. fxg5 {[%emt 0:00:00]} f4 {[%emt 0:00:14]} 32. gxf4 {[%emt 0:00:00]} exf4 {[%emt 0:00:30]} 33. Bd4 {[%emt 0:00:00]} Kf5 {[%emt 0:00:00]} 34. Rb5+ {[%emt 0:01:00]} Ke4 {[%emt 0:00:52]} 35. g6 {[%emt 0:00:30]} d5 {[%emt 0:00:37]} 36. g7 {[%emt 0:01:30]} Rg6 {[%emt 0:00:45]} 37. Rxd5 {[%emt 0:00:30]} Nc6 {[%emt 0:00:17]} 38. Nd7 {[%emt 0:02:30]} Ra5 {[%emt 0:04:00]} 39. Bc5 {[%emt 0:00:30]} Ne7 {[%emt 0:01:15]} 40. Re5+ {[%emt 0:00:00]} Kd3 {[%emt 0:00:00]} 41. Bxe7 {[%emt 0:02:00]} Rxg7 {[%emt 0:01:36]} 42. Rxa5 {[%emt 0:02:30]} Rxe7 {[%emt 0:00:30]} 43. Nc5+ {[%emt 0:00:00]} Kc3 {[%emt 0:02:30]} 44. Rb5 {[%emt 0:00:00]} Re3 {[%emt 0:04:30]} 45. Nxa4+ {[%emt 0:00:30]} Kd2 {[%emt 0:00:00]} 46. Rb2+ {[%emt 0:02:30]} Kd1 {[%emt 0:00:00]} 47. Rb3 {[%emt 0:00:30]} Re7 {[%emt 0:00:30]} 48. Kf3 {[%emt 0:01:30]} Rf7 {[%emt 0:00:30]} 49. Nc5 {[%emt 0:00:30]} 1-0